[Event "CAN-ch U10"]
[Site "Victoria"]
[Date "2009.07.23"]
[Round "5"]
[White "Rainsberry, Christopher"]
[Black "Napieralski, Owen"]
[Result "1-0"]
[WhiteElo "556"]
[BlackElo "802"]
[PlyCount "57"]
[EventDate "2009.07.21"]
[EventType "swiss"]
[EventRounds "7"]
[EventCountry "CAN"]
[SourceTitle "EXT 2011"]
[Source "ChessBase"]
[SourceDate "2010.11.26"]
[SourceVersion "1"]
[SourceVersionDate "2010.11.26"]
[SourceQuality "1"]

1. e4 e5 2. Nf3 Nc6 3. Bc4 Nf6 4. Nc3 Bc5 5. 0-0 Bb4 6. a3 Bxc3 7. dxc3 Nxe4 8. h4 Qe7 9. Ng5 Nxg5 10. Bxg5 f6 11. Re1 fxg5 12. hxg5 Qxg5 13. Qd5 Qe7 14. b4 d6 15. b5 Be6 16. Qd3 Bxc4 17. Qxc4 Na5 18. Qb4 b6 19. Rad1 0-0-0 20. Qg4+ Kb8 21. f4 Nc4 22. Qe2 Rhe8 23. Qxc4 g5 24. fxe5 dxe5 25. Rxd8+ Qxd8 26. Qc6 Re7 27. Qf3 Qd2 28. Rd1 Qxc2 29. Rd8# 1-0

[Event "CAN-ch U10"]
[Site "Victoria"]
[Date "2009.07.21"]
[Round "1"]
[White "Lee, Jonah"]
[Black "Napieralski, Owen"]
[Result "1-0"]
[WhiteElo "1484"]
[BlackElo "802"]
[PlyCount "87"]
[EventDate "2009.07.21"]
[EventType "swiss"]
[EventRounds "7"]
[EventCountry "CAN"]
[SourceTitle "EXT 2011"]
[Source "ChessBase"]
[SourceDate "2010.11.26"]
[SourceVersion "1"]
[SourceVersionDate "2010.11.26"]
[SourceQuality "1"]

1. c4 e5 2. g3 f5 3. Bg2 Nf6 4. Nc3 Bb4 5. e3 0-0 6. Nge2 Bxc3 7. Nxc3 d6 8. 0-0 e4 9. d3 exd3 10. Qxd3 c5 11. Rd1 Ne8 12. Nb5 Rf6 13. b3 a6 14. Nc3 g6 15. Bb2 g5 16. Bd5+ Be6 17. Bxb7 Ra7 18. Bg2 Nc7 19. Qxd6 Qxd6 20. Rxd6 Kf7 21. Nd5 Ne8 22. Nxf6 Nxd6 23. Nxh7 g4 24. Ng5+ Ke7 25. Nxe6 Kxe6 26. Bd5+ Kd7 27. Rd1 Rc7 28. Be5 Rc8 29. Bg2 Re8 30. Bxd6 Nc6 31. Bxc5+ Kc7 32. Bxc6 Kxc6 33. Bd4 Rd8 34. Rd2 Re8 35. Bc3 f4 36. gxf4 g3 37. hxg3 Rg8 38. Re2 Kc5 39. e4 Kc6 40. e5 Kd7 41. e6+ Ke8 42. e7 Rg6 43. f5 Rh6 44. f6 1-0